Official house price statistics explained (Record no. 115642)

MARC details
000 -LEADER
fixed length control field 01387cam a22002895a 4500
001 - CONTROL NUMBER
control field L159044
008 - FIXED-LENGTH DATA ELEMENTS--GENERAL INFORMATION
fixed length control field 151216s2015 xxk f 000 0 eng d
035 ## - SYSTEM CONTROL NUMBER
System control number (Sirsi) u159044
041 0# - LANGUAGE CODE
Language code of text/sound track or separate title eng
110 2# - MAIN ENTRY--CORPORATE NAME
Corporate name or jurisdiction name as entry element Office for National Statistics
9 (RLIN) 2210
245 00 - TITLE STATEMENT
Title Official house price statistics explained
Medium [electronic resource]
260 ## - PUBLICATION, DISTRIBUTION, ETC.
Place of publication, distribution, etc. London
Name of publisher, distributor, etc. ONS
Date of publication, distribution, etc. 2013
520 ## - SUMMARY, ETC.
Summary, etc. Explains the different methodologies used to calculate a house price index in the UK and identfies the different indices including Halifax and Nationwde. Offical statistics include the ONS for the UK, Land Registry for England and Wales, Registers of Scotland and Northern Ireland Property House Price Index. A single UK official house price index is planned for mid 2016. For up to date information see www.ons.gov.uk
590 ## - LOCAL NOTE (RLIN)
Local note KA
650 24 - SUBJECT ADDED ENTRY--TOPICAL TERM
Topical term or geographic name entry element HOUSE PRICES
650 24 - SUBJECT ADDED ENTRY--TOPICAL TERM
Topical term or geographic name entry element INDICES
650 24 - SUBJECT ADDED ENTRY--TOPICAL TERM
Topical term or geographic name entry element ONS HOUSE PRICE INDEX
650 24 - SUBJECT ADDED ENTRY--TOPICAL TERM
Topical term or geographic name entry element LAND REGISTRY HOUSE PRICE INDEX
650 24 - SUBJECT ADDED ENTRY--TOPICAL TERM
Topical term or geographic name entry element REGISTERS OF SCOTLAND
650 24 - SUBJECT ADDED ENTRY--TOPICAL TERM
Topical term or geographic name entry element NORTHERN IRELAND RESIDENTIAL HOUSE PRICE INDEX
650 24 - SUBJECT ADDED ENTRY--TOPICAL TERM
Topical term or geographic name entry element NATIONWIDE
650 24 - SUBJECT ADDED ENTRY--TOPICAL TERM
Topical term or geographic name entry element HALIFAX
651 #4 - SUBJECT ADDED ENTRY--GEOGRAPHIC NAME
Geographic name United Kingdom
Chronological subdivision
690 ## - LOCAL SUBJECT ADDED ENTRY--TOPICAL TERM (OCLC, RLIN)
Topical term or geographic name as entry element Residential property
9 (RLIN) 6266
856 40 - ELECTRONIC LOCATION AND ACCESS
Uniform Resource Identifier <a href="https://www.ons.gov.uk/ons/rel/hpi/house-price-index-guidance/official-house-price-statistics-explained/index.html">https://www.ons.gov.uk/ons/rel/hpi/house-price-index-guidance/official-house-price-statistics-explained/index.html</a>
Public note View the item free of charge from the www.ons.gov.uk website.
942 ## - ADDED ENTRY ELEMENTS (KOHA)
Suppress in OPAC 0
Holdings
Withdrawn status Lost status Source of classification or shelving scheme Damaged status Not for loan Home library Current library Shelving location Date acquired Total Checkouts Full call number Barcode Date last seen Copy number Price effective from Koha item type
    Dewey Decimal Classification     Virtual Virtual Online 16/12/2015   ONLINE PUBLICATION 159044-2001 06/08/2019 1 06/08/2019 Book